3- Szkoła: część 1/4 - Statystyki

Ogólne statystyki
  • Ten quiz został rozwiązany 139 razy
  • Średni wynik to 14 z 31
Statystyki odpowiedzi
Hint Odpowiedź % Poprawnych
biologia biology
90%
historia history
88%
W-F PE
88%
geografia geography
83%
długopis pen
82%
muzyka music
77%
krzesło chair
73%
chemia chemistry
73%
klej glue
67%
ołówek pencil
67%
biurko desk
60%
plastyka art
59%
kalkulator calculator
57%
zeszyt notebook
55%
guma rubber
52%
matematyka maths
48%
nożyczki scissors
45%
fizyka physics
39%
linijka ruler
38%
piórnik pencil case
36%
przedmioty szkolne school subjects
31%
słownik dictionary
29%
pudełko śniadaniowe lunch box
26%
temperówka sharpener
12%
akcesoria szkolne school accessories
10%
tornister schoolbag
8%
informatyka ICT
5%
religia religious education
5%
podręcznik textbook
5%
zajęcia praktyczno techniczne design and technology
2%
nauki przyrodnicze life sciences
1%
Nie znaleziono quizów pasujących do podanych kryteriów
Rozkład punktacji
Procent ludzi z każdym wynikiem
Percentyl według liczby udzielonych odpowiedzi
Twoja historia wyników
Nie rozwiązałeś tego quizu